D.Y.M.M. Sutan Azlan Shah: : Biografi bergambar

Bibliographic Details
Main Author: Wan Hashim Wan Teh
Format: Book
Published: Kuala Lumpur : Dewan Bahasa dan Pustaka , 1990
Subjects:

MARC

LEADER 00000cam a2200000 7i4500
001 0000046526
005 20150401.0
008 150401
020 |a 9836218548 
090 0 0 |a 920.93511595   |b WAN 
100 1 |a Wan Hashim Wan Teh 
245 1 0 |a D.Y.M.M. Sutan Azlan Shah: :   |b Biografi bergambar   |c Wan Hashim Wan Teh 
260 |a Kuala Lumpur :   |b Dewan Bahasa dan Pustaka ,   |c 1990 
500 |a Includes Bibliography(237pg.) 
500 |a Includes Index(239-240pg.) 
650 0 |a Malaysia   |x Kings and rulers   |x Biography 
650 0 |a Perak   |x King and rulers   |x Biography 
650 0 |a Perak   |x Sultans   |x Biography 
999 |a 0000509577   |b Book   |c Adult Collection   |e Cawangan Muar 
999 |a 0000509580   |b Book   |c Adult Collection   |e Cawangan Pontian